01983nam a2200313Ia 4500003000400000005001700004008004100021040000700062041000800069082002100077100003800098245003000136260006200166300002400228365002200252520079300274650002401067650003001091650002601121650002501147650003201172700004601204906003801250942001201288999001901300952012201319952012201441952010601563OSt20240508155725.0210719s2000 xx 000 0 und d cAL aeng a320.473 UNIO223 a UNITED STATES OF AMERICA9123721 aOutline of U S Government aU S Ac2000bOffice of International Information Programs a126p.bPBc21x13cm. 2Political Science aThis book, a publication of the U.S. Department of State, clearly explains what makes the U.S. government uniquely American: the U.S. Constitution, the separation of powers, the concept of “checks and balances,” and the decentralized roles of state and local governments, and a citizenry with wide opportunity to be part of it all. CONTENTS Chapter 1: The Constitution: An Enduring Document Chapter 2: Explaining the Constitution: The Federalist Papers Chapter 3: The Executive Branch: Powers of the Presidency Chapter 4: The Legislative Branch: The Reach of Congress Chapter 5: The Judicial Branch: Interpreting the Constitution Chapter 6: Landmark Decisions of the Supreme Court Chapter 7: A Country of Many Governments Chapter 8: Government of the People: The Role of the Citizen aGovernments9123722 aFederalist Papers9123723 aSupreme Court9123724 aConstitution9123725 aRole of the Citizen9123726 aUNITED STATES DEPARTMENT OF STATE9123727 agovernment ; of ; Outline ; S ; U 2ddccDB c214379d214379 00102ddc40708PSaALbALd2007-08-25eGeneral Annuall0o320.473 UNIOpD02988r2021-07-19 00:00:00w2021-07-19yDB 00102ddc40708PSaALbALd2007-08-25eGeneral Annuall0o320.473 UNIOpD02989r2021-07-19 00:00:00w2021-07-19yDB 00102ddc40708PSaALbALd2023-06-06l0o320.473 UNIOpD05690r2023-06-13 00:00:00w2023-06-13yDB